Регионална библиотека "Любен Каравелов" - Русе

Мама е магична (Запис номер 490384)

MARC детайли
000 -Лидер
Контролно поле с фиксирана дължина 01175nam a2200277 a 4500
003 - Код на организацията, давaща контролен номер
Контролно поле BLK
005 - Дата и час на последна редакция
Контролно поле 20250605110602.0
008 - Елементи от данни с фиксирана дължина
fixed length control field 230329b bu |||||r|||| 00| | bu d
020 ## - Международен стандартен номер на книга ISBN
Международен стандартен номер на книга ISBN 9786192290825
040 ## - Източник на каталожния запис
Идентификатор на билиотеката - собственик на записа BLK
041 ## - Код за език
Код за езика на текст/звукозапис или на отделно заглавие Български
Код за езика КДБФ Български
080 ## - УДК
Текстов определител УДК Издания за деца и юноши. Книжки-картинки. Читанки. Вж и 372.4
УДК код - определител по УДК 087.5
УДК - код + определител 087.5
100 ## - Редна дума - Автор
R(LIN) 1299
Автор Мойл, Сабрина
Авторска отговорност първи автор
139 ## - Редно поле
Редна дума Мойл, Сабрина
Авторски знак Моа - М 79
245 ## - Сведения за заглавието
Заглавие Мама е магична
Редно поле (дума) Сабрина Мойл; ил. Юнис Мойл; прев. Диана Бойчева; ред. Петя В. Димитрова
260 ## - Област на издателските данни
9 (RLIN) 217388
Място на издаване, разпространение и проч. София
Име на издателя, разпространителя и проч. Ракета
Година на издаване 2022
Информация за издателството импринт на БГ книга
300 ## - Физическа характеристика
Страници 24 с.
Илюстрации и др. с цв. ил.
Размери/Мащаб 17х17 см
380 ## - Жанр
Жанр Детска худож. лит.
700 ## - Други автори (авторска отговорност)
9 (RLIN) 599
Лично име Мойл, Юнис
Автороска отговорност (Описва отношението между автора и произведението) ил.
700 ## - Други автори (авторска отговорност)
9 (RLIN) 966
Лично име Бойчева, Диана
Автороска отговорност (Описва отношението между автора и произведението) прев.
700 ## - Други автори (авторска отговорност)
9 (RLIN) 1311
Лично име Димитрова, Петя Валентинова
Автороска отговорност (Описва отношението между автора и произведението) ред.
852 ## - Местоположение
Форматна сигнатура Цб І 42493
Фондова буква Хранилище
856 ## - Електронен адрес и достъп
Инструкция (цена за достъп) 0.00
Права за достъп disable
942 ## - АРТИКУЛИ
Вид на библиотечния материал Книги
Скрит в OPAC Не
Периодичен библиозапис Да
Koha issues (borrowed), all copies 27
944 ## - СЪЗДАВАНЕ И РЕДАКЦИЯ на ЗАПИСА
Създаване/Редакция Създаване
Дата на регистрацията/редакция 2023-07-07
Служител, извършил регистрацията/редакцията 30551
Статус, дата на статуса Бояна Костадинова
999 ## - СИСТЕМНИ КОНТРОЛНИ НОМЕРА
Koha biblionumber 490384
Koha biblioitemnumber 490384
Наличности
Код за отписване Код за изгубен артикул Източник на класификационната схема Код за повреда Коз за рестрикции Код за отдаване Артикулен № Име на библиотеката - собственик Име на библиотеката, в която се намира в момента Статус (Текущо местоположение) Дата на вписване в системата Местоположение - отдел Цена в лева Инвентарен номер Систематично азбучна сигнатура Баркод Цена в евро Служебен тип на артикула
  Не е изгубен Universal Decimal Classification Не е повреден без рестрикции заемане за дома 926369 Регионална библиотека "Любен Каравелов" Русе Регионална библиотека "Любен Каравелов" Русе Детски отдел 2023-04-03 Детски отдел 12.68 120000885708 087.5/М 79 С 120000885708 6.48 Книги
  Не е изгубен Universal Decimal Classification Не е повреден без рестрикции заемане за дома 926370 Регионална библиотека "Любен Каравелов" Русе Регионална библиотека "Любен Каравелов" Русе Детски отдел 2023-04-03 Детски отдел 12.68 120000885709 087.5/М 79 С 120000885709 6.48 Книги
  Не е изгубен Universal Decimal Classification Не е повреден само за читалня ползва се в читалня 930051 Регионална библиотека "Любен Каравелов" Русе Регионална библиотека "Любен Каравелов" Русе Хранилище 2023-07-14 Хранилище 8.00 120000889463 Цб І 42493 120000889463 4.09 Книги
Vip Innovations Ltd, Rousse, Bulgaria 2025